000 00506nam a22001937a 4500
005 20260604133116.0
008 260604b |||||||| |||| 00| 0 eng d
020 _a9789381492178
_c1695.00
040 _aMAIN
041 _aEnglish
082 _a665
_bBHA
100 _aBhatt, Parvana
_925429
245 _aIntroduction to Indian Knowledge System
260 _aNew Delhi
_bBlackwell Press
_c2025
300 _a392
650 _aManagement (PM USHA)
_927020
700 _aS. Kumar
_925430
942 _cBK
999 _c61014
_d61014